| 000 | 00406 a2200121 4500 | ||
|---|---|---|---|
| 001 | ART_3027 | ||
| 005 | 20260410161712.0 | ||
| 008 | 260409a | ||
| 245 | 1 | 0 | _aEstudio de campo y elaboración de las cuentas sociales de Casilda para 1969 |
| 100 | 1 | _aCiafardini, Horacio | |
| 700 | 1 | _aCristiá, Carlos A. | |
| 773 | 0 |
_tDesarrollo económico _g- Vol. 12, Nº 47 (oct./dic. 1972) _wREV1174 |
|
| 999 |
_c16154 _d16154 |
||